[Event "Dortmund SuperGM 36th"]
[Site "Dortmund"]
[Date "2008.07.06"]
[Round "7"]
[White "Ivanchuk, Vassily"]
[Black "Kramnik, Vladimir"]
[Result "1-0"]
[WhiteElo "2740"]
[BlackElo "2788"]
[Annotator "Kritz,L"]
[PlyCount "97"]
[EventDate "2008.06.28"]
[EventType "tourn"]
[EventRounds "7"]
[EventCountry "GER"]
[EventCategory "18"]
[SourceTitle "CBM 125"]
[Source "ChessBase"]
[SourceDate "2008.07.30"]
[SourceVersion "1"]
[SourceVersionDate "2008.07.30"]
[SourceQuality "1"]

1. e4 e5 2. Nf3 Nf6 3. Nxe5 d6 4. Nf3 Nxe4 5. d4 d5 6. Bd3 Nc6 7. O-O Be7 {
Die von Schwarz gewaehlte Variante ist die Hauptvariante und gilt als sehr
solide.} 8. Re1 ({Nach den Zügen} 8. c4 Nb4 9. Be2 O-O 10. Nc3 Bf5 11. a3 Nxc3
12. bxc3 Nc6 13. cxd5 Qxd5 14. Bf4 Rac8 15. Re1 Rfe8 {entsteht eine Stellung,
die in der modernen Theorie eine der am weitesten ausanalysierten Stellungen
ist.}) 8... Bg4 9. c4 {Eine seltene aber doch sehr giftige Variante. Die
andere Möglichkeit ist 9.c3:} (9. c3 f5 10. Qb3 O-O 11. Nbd2 Na5 12. Qc2 Nc6
13. b4 (13. Qb3 $11 {Will Weiß Remis forcieren, so kann er das auf diese Art
machen.}) 13... a6 $132 {mit Chancen für beide Seiten.}) (9. Bxe4 $6 {so
leicht kann Weiß den Bauer nicht gewinnen.} dxe4 10. Rxe4 Bxf3 11. Qxf3 (11.
gxf3 f5 12. Re1 Qxd4 $15) 11... Nxd4 12. Qc3 Ne6 13. Qe1 O-O 14. Nc3 $11) 9...
Nf6 {Der einzige Zug. Alle anderen geben Weiß großen Vorteil.} (9... Bxf3 10.
Qxf3 Nxd4 11. Qe3 Nf5 12. Qh3 Nd4 13. cxd5 $16) (9... Nxd4 $4 10. Bxe4 dxe4 11.
Qxd4 $1 exf3 (11... Qxd4 12. Nxd4 $18) (11... Bxf3 12. Qxd8+ Rxd8 13. gxf3 exf3
14. Nc3 $18) 12. Qxg7 Rf8 13. Qxg4 $18) 10. Nc3 Bxf3 (10... Nxd4 $5 {kam nur
ein Mal in der Praxis der Großmeister vor. Meiner Meinung nach verdient der
Zug jedoch größere Beachtung.} 11. cxd5 Bxf3 (11... O-O 12. Bxh7+ Nxh7 13. Qxd4
Bxf3 14. gxf3 $16 {Obwohl die weiße Bauernstruktur nicht schön aussieht,
bieten ihm der Mehrbauer und die offene g-Linie gute Gewinnchancen.}) 12. gxf3
c5 13. dxc6 (13. Bb5+ Kf8 (13... Nxb5 14. Nxb5 Qb6 15. d6 O-O-O 16. Nxa7+ Qxa7
17. Rxe7 $16) 14. Bc4 Bd6 15. Be3 Qc8 $1 $132) 13... Nxc6 14. Be3 $5 (14. Bb5
O-O 15. Qxd8 Bxd8 $11 {1/2-1/2 Polgar,J (2671)-Karpov,A (2700)/Hoogeveen NED
1999 (43)}) 14... O-O 15. Rc1 $14 {Die Stellung ist völlig offen und das weiße
Läuferpaar überwiegt ein wenig die schlechte Bauernstruktur. Trotzdem ist die
Stellung spielbar für Schwarz.}) (10... dxc4 11. Bxc4 O-O 12. d5 Na5 13. Bd3
$14 {Die Lage des schwarzen Springers auf a5 ist zumindest verdächtig.}) 11.
Qxf3 Nxd4 ({Schlechter ist} 11... dxc4 12. Bxc4 Nxd4 (12... Qxd4 13. Bb5 Kf8
14. Be3 Qd7 15. Rad1 Bd6 16. Bg5 $44) 13. Qxb7 O-O 14. Rd1 $14) 12. Qd1 Ne6 13.
cxd5 (13. Bf5 dxc4 (13... d4 14. Ne2 d3 15. Nf4 Nd4 16. Bxd3 $14 {Morozevich -
Gelfand (Mexico City, 2007)}) 14. Qa4+ c6 ({nicht so gut ist} 14... Qd7 15.
Qxc4 {und jetzt kann Schwarz nicht kurz rochieren:} O-O $4 16. Rxe6 $1 $18) 15.
Bxe6 fxe6 16. Qxc4 O-O (16... Nd5 17. Rxe6 O-O {führt nur zur Zugumstellung.})
17. Rxe6 (17. Qxe6+ Rf7 18. Be3 Qd6 19. Qxd6 {1/2-1/2 Anand - Kramnik (Mainz,
2001)}) 17... Nd5 18. Be3 Bf6 19. Bc5 Re8 20. Rxe8+ Qxe8 21. Nxd5 cxd5 22.
Qxd5+ Qf7 23. Qd2 Rd8 24. Qb4 Qxa2 25. Re1 b6 26. Be7 Re8 27. Bxf6 Rxe1+ 28.
Qxe1 gxf6 29. Qb4 a5 {1/2-1/2 Morozevich - Ivanchuk (Moscow, 2007)}) 13... Nxd5
14. Bb5+ c6 15. Nxd5 cxb5 16. Qh5 {Kurz davor, in der dritten Runde des
Turniers, hat Naiditsch gegen Kramnik 16.Bf4 gespielt:} (16. Bf4 Nxf4 17. Rxe7+
Kf8 18. Re5 Qd6 {und hier brachte Weiß mit} 19. Qd2 $1 {eine starke Neuerung,
die ihm den Punkt brachte. Sicherlich hat Kramnik die Stellung analysiert und
eine Verbesserung der Variante gefunden, so dass Ivanchuk sie nicht
wiederholen wollte.} Qxe5 $1 (19... Ng6 $2 20. Ree1 $16 {Naiditsch - Kramnik 
(Dortmund, 2008)}) 20. Qb4+ Ke8 $11) (16. Qb3 O-O 17. Nxe7+ Qxe7 18. Qxb5 {
führt zur selben Stellung wie in der Partie.}) 16... O-O 17. Nxe7+ Qxe7 18.
Qxb5 {Zwar läuft das Spiel an beiden Flügeln und Weiß verfügt über einen
Läufer, doch ist die Stellung ausgeglichen. Schwarz hat keine Schwächen und
dazu noch einen kleinen Entwicklungsvorsprung, der ihm hilft, die Stellung zu
vereinfachen.} Rfd8 19. Be3 a6 20. Qb3 Rac8 21. h3 h6 {Mehrere Partien endeten
bereits hier mit Remis.} 22. Rad1 (22. Rac1 Nd4 23. Bxd4 $8 (23. Qa4 $4 Rxc1
24. Rxc1 Ne2+ $19) 23... Rxc1 24. Rxc1 Rxd4 $11) 22... Rxd1 (22... b5 $1 {
Es wäre sinnvoller, diesen Zug gleich zu spielen.} 23. Rxd8+ Rxd8 24. Rd1 (24.
Rc1 Nd4 25. Bxd4 Rxd4 $11) 24... Rxd1+ 25. Qxd1 Qb4 $11 {Keinesfalls steht
Schwarz schlechter - Dame und Springer sind üblicherweise stärker als Dame und
Läufer.}) 23. Rxd1 b5 24. Rd3 Rc6 25. Qd5 Qe8 26. Rd2 Qc8 27. b3 {Zwar ist die
Stellung immer noch gleich, aber Weiß hat schon eine kleine Initiative
entwickelt. Es ist für mich trotzdem eine große Überraschung, dass Kramnik
diese Partie verloren hat.} Rc3 28. h4 a5 29. Rd1 Rc2 30. Qxb5 Rxa2 31. h5 Nf8
32. Rd4 Qc7 33. Rd1 Rb2 34. Rc1 Qd7 35. Qb8 Rc2 36. Ra1 Qf5 $4 {Ein taktisches
Unglück - Schwarz durfte das Feld d8 nicht aufgeben! Vielleicht war das ein
Fehlgriff, wer weiß...} (36... Qd5 37. Qb6 Rb2 38. Rxa5 Qd1+ 39. Kh2 Rxb3 $11)
37. Qd8 $1 $16 Qxh5 38. Rxa5 Qg4 39. Ra4 Qd7 40. Rd4 Qb7 41. b4 Rb2 42. Bd2
Rb1+ 43. Kh2 Qb5 44. Qd5 Qe2 45. Be3 Ng6 46. Qf5 Qf1 47. Kg3 Rb3 48. Re4 Nf8 $2
49. Rf4 1-0

[Event "Foros Aerosvit 3rd"]
[Site "Foros"]
[Date "2008.06.08"]
[Round "1"]
[White "Nisipeanu, Liviu Dieter"]
[Black "Volokitin, Andrei"]
[Result "1/2-1/2"]
[WhiteElo "2684"]
[BlackElo "2684"]
[Annotator "Kritz,L"]
[PlyCount "78"]
[EventDate "2008.06.08"]
[EventType "tourn"]
[EventRounds "11"]
[EventCountry "UKR"]
[EventCategory "19"]
[SourceTitle "CBM 125"]
[Source "ChessBase"]
[SourceDate "2008.07.30"]
[SourceVersion "1"]
[SourceVersionDate "2008.07.30"]
[SourceQuality "1"]

1. e4 e5 2. Nf3 Nf6 3. Nxe5 d6 4. Nf3 Nxe4 5. Nc3 {The most popular
continuation nowadays. Das ist wohl die populärste Fortsetzung heutzutage.}
Nxc3 ({If Wenn} 5... d5 {were possible, it would be a dream for Black. But
unfortunately White simply wins the pawn. möglich wäre, wäre das ein Traum für
Schwarz. Doch leider gewinnt Weiß danach einfach den Bauern:} 6. Qe2 (6. Nxe4
$2 dxe4 7. Qe2 Qe7 $15) 6... Be7 (6... f5 7. d3 Bb4 8. dxe4 fxe4 9. Bg5 Qd6 10.
Nd4 O-O 11. O-O-O $16 {Black does not have sufficient compensation for the
piece. Schwarz hat keine genügende Kompensation für die Figur.}) 7. Nxe4 dxe4
8. Qxe4 O-O 9. Bd3 g6 10. O-O $14 {White has a sound extra pawn and it is hard
to see how Black can develop his initiative. Weiß hat einen gesunden
Mehrbauern und es ist nicht zu sehen, wie Schwarz seine Initiative entfalten
kann.} Bf5 $2 11. Qxb7 Bxd3 12. Qxa8 Bxf1 13. Kxf1 $18) (5... Nf6 {This move
is more playable than 5...d5, but unfortunately it also concedes a clear
advantage to White. Dieser Zug ist eher spielbar als 5...d5, aber leider
bringt er Weiß auch einen klaren Vorteil.} 6. d4 Be7 7. Bd3 O-O 8. h3 $1 Re8 9.
O-O $14 {The problem of the development of the c8-bishop will be a thorn in
Black's flesh for a long time. Das Problem der Entwicklung des Läufers c8 wird
Schwarz noch lange quälen.}) 6. dxc3 Be7 7. Be3 (7. Bf4 {This is a different
system. In my opinion, Black play the line with queenside castling after both
of them, and equalise. Das ist ein anderes System. Meiner Meinung nach kann
Schwarz nach beiden Zügen die Variante mit der langen Rochade spielen, und
ausgleichen.} Nc6 (7... O-O 8. Qd2 Nd7 9. O-O-O Nc5 $11 {is a sharper
continuation, which also leads to level positions, in which a lot of theory
has to be known, however. ist eine schärfere Fortsetzung, die ebenfalls zu
ausgeglichenen Stellungen führt, bei der man jedoch viel mehr Theorie kennen
muss.}) 8. Qd2 Be6 9. O-O-O Qd7 10. Ng5 (10. Bb5 a6 11. Ba4 b5 12. Bb3 O-O $11)
10... Bxg5 11. Bxg5 f6 12. Be3 O-O-O $11 {This sort of position often arises
when Black plays the moves Nc6-Be6. White has a symbolic advantage because of
his bishop pair, but they have no weak points to attack. On the whole, the
position is level. Dieser Typ von Stellung entsteht sehr oft, wenn man als
Schwarzspieler die Züge Nc6-Be6 spielt. Weiß hat einen symbolischen Vorteil
durch das Läuferpaar, doch die beiden Läufer haben keine Schwächen anzugreifen.
Die Stellung ist im Großen und Ganzen ausgeglichen.}) 7... Nc6 8. Qd2 O-O (8...
Be6 {This move is once more very solid and promises Black equality. Wieder ist
dieser Zug sehr solide und verspricht Schwarz Ausgleich.} 9. O-O-O Qd7 10. Ng5
(10. h4 h6 (10... O-O-O $6 11. Ng5 Bxg5 12. hxg5 $14 {The opening of the
h-file has given White an advantage. Durch die Öffnung der h-Linie hat Weiß
einen Vorteil erreicht.}) 11. Nd4 Nxd4 12. cxd4 (12. Bxd4 O-O $11) 12... d5 $11
) (10. Bb5 a6 11. Ba4 (11. Bxc6 bxc6 12. Rhe1 h6 $11) 11... b5 12. Bb3 O-O $11)
10... Bxg5 11. Bxg5 f6 12. Be3 O-O-O $11) 9. O-O-O Ne5 10. Be2 (10. Nd4 {
was for a long time considered the main move, but Black has a pleasant game
here: galt lange Zeit als Hauptzug, doch hat Schwarz hier ein sehr angenehmes
Spiel:} c5 11. Nb5 Be6 12. Nxd6 Qb6 $44) (10. h4 Bg4 (10... Nxf3 11. gxf3 {
The opening of the g-file gives White attacking chances. Die Öffnung der
g-Linie gibt Weiß gute Angriffschancen.} Be6 12. h5 Bf6 13. Rg1 $36) 11. Be2
Qc8 12. h5 h6 13. Kb1 Re8 $132 {Jakovenko - Volokitin (Dagomys, 2008)}) (10.
Kb1 Re8 11. h4 Bg4 12. Be2 Qc8 $132 {führt zur Variante 10.h4.}) 10... Ng4 {
The decision to take the black-squared bishop is absolutely correct. After it,
White must be careful not to slip into a worse position. Die Entscheidung, den
schwarzfeldrigen Läufer zu nehmen, ist absolut korrekt. Danach muss Weiß
ebenfalls aufpassen, um nicht in eine schlechtere Stellung zu geraten.} (10...
Be6 $6 11. Nd4 Bc4 12. f4 Bxe2 13. Qxe2 $14) 11. Bd3 (11. Bd4 c5 12. h3 cxd4
13. hxg4 dxc3 14. Qxc3 Bxg4 15. Bd3 h5 $15 {Naiditsch - Kramnik (Dortmund,
2005)}) 11... Nxe3 $1 {This can hardly be called an innovation, it is more of
a strengthening compared to the previous game. Black easily achieves equality
and soon after a slight advantage. Man kann es kaum eine Neuerung nennen, eher
eine Verstärkung der Vorgängerpartie. Schwarz kommt leicht zum Ausgleich und
bald danach schon zu einem kleinen Vorteil.} ({After Nach} 11... d5 12. Bf4 c5
13. c4 d4 14. h3 Nf6 15. Rde1 $14 {Nisipeanu - Karpov (Vitoria Gasteiz, 2007)
White can get a more pleasant game, though the position remains drawish. kam
Weiß doch zum angenehmeren Spiel, wobei die Stellung immer noch im remislichen
Bereich liegt.}) 12. Qxe3 Re8 13. Qf4 {Weiß will Bc4 spielen.} (13. Rhe1 c6 $1
(13... Bd7 14. Qf4 $1 Bf8 $6 15. Rxe8 Bxe8 16. Qe4 g6 17. Qxb7 $16) 14. Kb1 g6
15. Qf4 Be6 16. Nd4 Bd7 $11) 13... d5 (13... Be6 14. h4 Bf6 15. g4 $40) 14. h4
h6 15. Ne5 (15. g4 $2 Bd6 16. Qd4 c5 $19) 15... Be6 $11 {Black has no more
problems.  Schwarz hat keinerlei Probleme mehr.} 16. Ng4 Bd6 17. Qf3 Qd7 18.
Ne3 Qa4 19. Kb1 Qf4 20. Qxf4 Bxf4 21. Rhe1 c6 22. g3 Bc7 23. c4 Ba5 24. Rg1 d4
25. Nf5 Rad8 26. g4 Bc7 27. a3 c5 28. Rde1 Kf8 29. h5 Bd7 30. Be4 Ba5 31. Re2
b5 32. Nd6 Bxg4 33. Rxg4 Rxd6 34. cxb5 Re5 35. Bd3 Rdd5 36. Rxe5 Rxe5 37. Rh4
Be1 38. Rh2 Re6 39. f3 Re3 1/2-1/2